LEADER 01241nam a2200241 i 4500 001 000000197636 003 CaOOAMICUS 005 20250519120940.0 008 110217s1817 it u000 u ita u 013 $a176323 026 $ae.di ondi l-o. (Ino (3) 1817 (A) 040 $aSeMil$bita 100 1 $aNapoléon I,$c.$0(OLS)http://semarc/name/14055 245 02$aL'eroe nella solitudine, ossia Compendio della vita di N.B. scritto da lui medesimo e testè pubblicato da un' [!] illustre cittadino di Varsavia suo compagno d'armi. 264 1$aEdimburgo :$b[s.n.],$c27 aprile 1817. 300 $a132 p. ;$c8°. 600 04$aNapoleone I : Bonaparte - Autobiografia.$0(OLS)http://semarc/subject/51137 773 0 $t[Miscellanea.$w()24321 850 $aSeMil 852 $aSeMil$W1$xVenegono$y1$m5A I 25/5 FA$j148192$B148192$CSeMilBibl$Z2$F159619 $8I 996 $6245$aL'eroe nella solitudine, ossia Compendio della vita di N.B. scritto da lui medesimo e testè pubblicato da un' [!] illustre cittadino di Varsavia suo compagno d'armi$9(OLS)http://semarc/title/285400 996 $6264$aEdimburgo :$b[s.n.]$9(OLS)http://semarc/publisher/51028 LEADER 01115nam a2200253 i 4500 001 000000199494 003 CaOOAMICUS 005 20110323000000.0 008 110323s2010 it u000 u ita u 013 $a178186 020 $a978-88-209-8351-2 040 $aSeMil$bita 245 10$aVol. 2. 260 $aCittà del Vaticano :$bLibreria Editrice Vaticana,$c2010. 300 $aP. 611-1236 ;$c24 cm. 490 0 $aStudi giuridici ;$v89./2 773 0 $t«Iustitia et iudicium».$dCittà del Vaticano : Libreria Editrice Vaticana, 2010.$kStudi giuridici $z978-88-209-8352-9$z978-88-209-8351-2$g2$w()23874 830 0$aStudi giuridici ;$v89./2.$0(OLS)http://semarc/title/471 850 $aSeMil 852 $aSeMil$W1$xVenegono$y1$m2H VI 89/2$j150047$B150047$CSeMilBibl$Z2$F164770 $81 961 $aAcquisto: L.S. srl 996 $6020$a978-88-209-8351-2$9(OLS)http://semarc/number/1266 996 $6245$aVol. 2$9(OLS)http://semarc/title/13458 996 $6260$aCittà del Vaticano :$bLibreria Editrice Vaticana$9(OLS)http://semarc/publisher/29734